000 00646cab a2200205 4500
001 WB2340-40
008 090401t1987 xxu||||| |||| 00| 0 eng d
035 _a(Sirsi) u19508
041 _aeng
245 _aNew guidance on no fee work
260 _c1987
350 _a0
490 _aBuilding
_vvol 252 no 40, 2/10/87 p7
520 _aRIBA is to issue new guidelines on speculative or "no fee" work, following the increase in architects preparing free designs.
650 _aASSOCIATION OF CONSULTANT ARCHITECTS
650 _aFEES
690 _aMANAGEMENT-BUSINESS MANAGEMENT-PROFESSIONAL PRACTICE
942 _n0
948 _c04/03/1997
999 _c13029
_d13029